Návrh aplikácie vybraných metód sieťovej analýzy v procese modernizácie osobného vozňa v podniku ŽOS Trnava, a.s.
Gespeichert in:
| 1. Verfasser: | |
|---|---|
| Weitere Verfasser: | |
| Format: | Manuskript Buch |
| Sprache: | Slowakisch |
| Veröffentlicht: |
2017
|
| Schlagworte: | |
| Online-Zugang: | http://is.stuba.sk/zp/portal_zp.pl?podrobnosti=127124 |
| Tags: |
Keine Tags, Fügen Sie das erste Tag hinzu!
|
MARC
| LEADER | 00000ntm a22000003a 4500 | ||
|---|---|---|---|
| 001 | stuzp62139 | ||
| 003 | SK-STU | ||
| 005 | 20170603210304.6 | ||
| 007 | ta | ||
| 008 | 150427s2015----xo-----f-mn---000-0-slo-d | ||
| 040 | |a STU |b slo | ||
| 041 | 0 | |a slo | |
| 100 | 1 | |a Žigrayová, Dana |u 064000 |k Z4 |4 aut |U MTF Materiálovotechnologická fakulta |T MTF Ústav priemyselného inžinierstva a manažmentu |X 45870 |U M4000 |Y 84 |7 45870 | |
| 242 | 0 | 1 | |a Proposal of application of selected methods of network analysis in the personal wagon upgrading process in ŽOS Trnava |y eng |
| 245 | 1 | 0 | |a Návrh aplikácie vybraných metód sieťovej analýzy v procese modernizácie osobného vozňa v podniku ŽOS Trnava, a.s. |
| 260 | |c 2017 | ||
| 650 | 4 | |a kritická cesta |2 slo | |
| 650 | 4 | |a metóda CPM a PERT |2 slo | |
| 650 | 4 | |a projekt |2 slo | |
| 650 | 4 | |a sieťová analýza |2 slo | |
| 650 | 4 | |a MS Project |2 slo | |
| 650 | 4 | |a project |2 eng | |
| 650 | 4 | |a network analysis |2 eng | |
| 650 | 4 | |a critical path |2 eng | |
| 650 | 4 | |a CPM and PERT methods |2 eng | |
| 650 | 4 | |a MS Project |2 eng | |
| 700 | 1 | |a Beňo, Rastislav |4 ths |X 34860 |7 A000034860 | |
| 856 | 4 | |u http://is.stuba.sk/zp/portal_zp.pl?podrobnosti=127124 | |
| 996 | |c M* DP-13306 |l MMSKP |s P |a 0 |w stuzp62139_0001 | ||